000 01060nam a22003257a 4500
003 CHAP
005 20220817041953.0
008 971013s1967 r 00010 d
010 _a30425
011 _a31397
035 _a35509
040 _cCHAP
090 _aTesis
100 0 0 _aCoronel Torres, Ernesto.
_928160
245 _aCampaña contra el gusano barrenador en el estado de Sonora
260 _aMéxico, D.F. :
_bEl autor,
_c1967
300 _a36 h.
_b; mapas
502 _aTesis (Médico Veterinario Zootecnista) -- UNAM. Esc. Nal. de Medicina Veterinaria y Zootencia
590 _aALEPH
_b10
_c20130110
_lUCH01
_h1252
590 _aBATCH-UPD
_b10
_c20130110
_lUCH01
_h1912
590 _aBATCH-UPD
_b10
_c20130410
_lUCH01
_h1239
590 _aBATCH-UPD
_b10
_c20130914
_lUCH01
_h0954
590 _aCONVERSION
_b10
_c20130109
_lUCH01
_h1317
650 1 4 _aCochliomyia homnivorax.
_924211
650 1 4 _aControl biológico de plagas.
_927587
650 1 4 _aGanado
_xPlagas.
901 _aBK
942 _cTESIS
949 _bBC
_cTES
_d-82166
_eTS1
_i35509
_si
999 _c30425
_d30425